000
00339nam a2200145Ia 4500
008
150201s2009 xx 000 0 und d
082
_a
610
_b
E2009S
100
_a
SHARMA, OP
245
2
_a
A GUIDE TO ELDERLY CARE
250
_a
1ST
260
_b
W.H.O.PUBLICATION
_a
DELHI
_c
2009
300
_a
1-587
650
_a
MEDICINE
942
_2
ddc
_c
BK
999
_c
4462
_d
4462